000 00706nam a2200289Ia 4500
005 20260324123539.0
008 008 260324s9999 xx 000 0 eng d
020 _a9780203830444
037 _aEBOOK
040 _aCRL
040 _beng
040 _cCRL
041 _2eng
041 _aeng
084 _qCRL
100 _aDaniel Maman; Zeev Rosenhek
_91170726
245 4 _aThe Israeli Central Bank
245 0 _bPolitical Economy, Global Logics and Local Actors
260 _bTaylor and Francis
260 _c2011
365 _a
365 _b240
856 _uhttp://www.taylorfrancis.com/books/9780203830444
942 _cEBOOK
999 _c1764350
_d1764350